Theme Logo Quiz - Websites - Statistics

General Stats
  • This quiz has been taken 41 times
  • The average score is 22 of 36
Answer Stats
Picture Answer % Correct
Instagram
97%
YouTube
97%
Google
94%
Amazon
91%
TikTok
91%
X
91%
JetPunk
85%
Netflix
85%
Paypal
85%
Snapchat
85%
Spotify
85%
Gmail
82%
Airbnb
79%
Facebook
79%
Microsoft
79%
Skype
79%
Discord
76%
Reddit
76%
Adobe
70%
Wikipedia
70%
Google Maps
67%
Roblox
67%
Dropbox
61%
Google Calendar
58%
Google Meet
52%
Tripadvisor
48%
The Guardian
30%
Shopee
24%
Agoda
21%
Myspace
21%
WordPress
21%
Acrobat
18%
Lazada
18%
Logopedia
9%
Skyscanner
9%
Tokopedia
9%
No matching quizzes found
Score Distribution
Percent of People with Each Score
Percentile by Number Answered
Your Score History
You have not taken this quiz